Gestión de la higiene industrial en la empresa / (Registro nro. 192)
[ vista simple ]
| 000 -LEADER | |
|---|---|
| fixed length control field | 02845nam a2200253Ia 4500 |
| 003 - CONTROL NUMBER IDENTIFIER | |
| control field | PE SENCICO BE |
| 005 - DATE AND TIME OF LATEST TRANSACTION | |
| control field | 20251020182429.0 |
| 008 - FIXED-LENGTH DATA ELEMENTS--GENERAL INFORMATION | |
| fixed length control field | 200515s9999 xx 000 0 und d |
| 020 ## - INTERNATIONAL STANDARD BOOK NUMBER | |
| International Standard Book Number | 84-89786-96-8 |
| 040 ## - CATALOGING SOURCE | |
| Original cataloging agency | PE SENCICO BE |
| Transcribing agency | PE SENCICO BE |
| 041 ## - LANGUAGE CODE | |
| Language code of text/sound track or separate title | spa |
| 082 ## - DEWEY DECIMAL CLASSIFICATION NUMBER | |
| Classification number | 613.62 |
| Item number | M28 |
| 100 1# - MAIN ENTRY--PERSONAL NAME | |
| Personal name | Mateo Floría, Pedro |
| 9 (RLIN) | 97 |
| Relator term | autor |
| 245 10 - TITLE STATEMENT | |
| Title | Gestión de la higiene industrial en la empresa / |
| Statement of responsibility, etc. | Pedro Mateo Floría |
| 250 ## - EDITION STATEMENT | |
| Edition statement | [1a ed.] |
| 260 ## - PUBLICATION, DISTRIBUTION, ETC. | |
| Place of publication, distribution, etc. | Madrid : |
| Name of publisher, distributor, etc. | Fundación Confemetal ; |
| Date of publication, distribution, etc. | [2000] |
| 300 ## - PHYSICAL DESCRIPTION | |
| Extent | 768 p. : |
| Other physical details | il., tbl., graf. ; |
| Dimensions | 23 cm. |
| 505 0# - FORMATTED CONTENTS NOTE | |
| Formatted contents note | Higiene industrial -- Enfermedad profesional -- Contaminantes -- Dosis -- Relación de la higiene industrial con otras técnicas preventivas -- Metodología de actuación en higiene industrial -- Principios de la acción preventiva -- Protección de la maternidad -- Protección de los trabajadores especialmente sensibles a determinados riesgos -- El informe de higiene industrial -- Toxicología -- Conceptos de dosis -- Efectos de los contaminantes químicos -- Acción de los tóxicos sobre el organismo -- Cáncer laboral -- Clasificación, envasado u etiquetado de sustancias y preparados peligrosos -- Clasificación de sustancias -- Clasificación de preparados -- Método convencional -- Envasados de sustancias y preparados -- Ficha de datos de seguridad -- Medición de la exposición -- Forma en que se presentan los contaminantes químicos -- Procedimientos de medida -- Procedimientos de lectura directa -- Procedimientos de toma de muestras -- Estrategia de muestreo -- Agentes químicos: evaluación de la exposición -- Agentes químicos de la exposición -- Agentes físicos: ruido, real decreto 1316/1989 -- Agentes físicos: ruido. Fundamentos de acústica: Ruido -- Sonido -- Ondas acústicas -- Presión acústica -- Nivel de presión acústica -- Espectro de frecuencias -- Agentes físicos: ruido. Efectos de la exposición -- Agentes físicos: ruido. Evaluación y medición -- Agentes físicos: ruido. Control de la exposición -- Agentes físicos: ambiente térmico -- Agentes físicos: vibraciones -- Agentes físicos: radiaciones no ionizantes: radiaciones no ionizantes -- radiaciones electromagnéticas -- Radiaciones ópticas -- Microondas y radiofrecuencias -- Láser -- Agentes físicos: radiaciones ionizantes: radiaciones ionizantes -- Organismos relacionados con la protección radiológica -- Protección radiológica -- Detección y medición de las radiaciones -- Agentes biológicos -- Residuos peligrosos |
| 520 3# - SUMMARY, ETC. | |
| Summary, etc. | Describe la parte obligatoria y la especialización optativa de la disciplina de higiene Industrial del programa de desempeño de las funciones de nivel intermedio. |
| 650 10 - SUBJECT ADDED ENTRY--TOPICAL TERM | |
| Topical term or geographic name entry element | Salud ocupacional |
| 9 (RLIN) | 581 |
| 650 20 - SUBJECT ADDED ENTRY--TOPICAL TERM | |
| Topical term or geographic name entry element | Higiene industrial |
| 9 (RLIN) | 357 |
| 650 20 - SUBJECT ADDED ENTRY--TOPICAL TERM | |
| Topical term or geographic name entry element | Riesgos laborales |
| 9 (RLIN) | 610 |
| 942 ## - ADDED ENTRY ELEMENTS (KOHA) | |
| Koha item type | Libros |
| Source of classification or shelving scheme | Dewey Decimal Classification |
| Fecha de la última vez que lo usaron | Número de ingreso o de inventario | Pago total | Signatura topográfica completa | Código de barras | Precio efectivo desde | Tipo de documento | Estado perdido | Sistema de clasificación | Estado dañado | No es para préstamo | Retirado | Ubicación permanente | Ubicación actual | Fecha de adquisición |
|---|---|---|---|---|---|---|---|---|---|---|---|---|---|---|
| 15/05/2020 | 12049 | 613.62/M28 | BibLima24070092 | 15/05/2020 | Libros | Dewey Decimal Classification | Biblioteca Central Lima | Biblioteca Central Lima | 15/05/2020 |